Hindu manners, customs and ceremonies / (Record no. 552310)
[ view plain ]
| 000 -LEADER | |
|---|---|
| fixed length control field | 00861mam a2200205 a 4500 |
| 020 ## - INTERNATIONAL STANDARD BOOK NUMBER | |
| International Standard Book Number | 8120602382 |
| 082 ## - DEWEY DECIMAL CLASSIFICATION NUMBER | |
| Classification number | 294.5 |
| Author Mark | DUB |
| -- | D |
| 100 1# - MAIN ENTRY--PERSONAL NAME | |
| Personal name | Dubois, J. A. |
| 9 (RLIN) | 49532 |
| 245 10 - TITLE STATEMENT | |
| Title | Hindu manners, customs and ceremonies / |
| Statement of responsibility, etc. | J.A. Dubois ; translated from the author's later French ms. and edited with notes, corrections, and biography by Henry K. Beauchamp ; with a prepatory [sic] note by F. Max Muller and a portrait. |
| 250 ## - EDITION STATEMENT | |
| Edition statement | 6th AES reprint |
| 260 ## - PUBLICATION, DISTRIBUTION, ETC. | |
| Place of publication, distribution, etc. | New Delhi : |
| Name of publisher, distributor, etc. | Asian Educational Services, |
| Date of publication, distribution, etc. | 1990. |
| 300 ## - PHYSICAL DESCRIPTION | |
| Extent | xxxiv, 741 p., [1] leaf of plates : |
| Other physical details | port. ; |
| Dimensions | 19 cm. |
| 500 ## - GENERAL NOTE | |
| General note | Added t.p. |
| 500 ## - GENERAL NOTE | |
| General note | Translation of: Mœurs, institutions et cérémonies des peuples de l'Inde. |
| 526 ## - STUDY PROGRAM INFORMATION NOTE | |
| Program name | 0 |
| Interest level | 0 |
| Reading level | 0 |
| Title point value | 294_500000000000000_DUB |
| 650 #0 - SUBJECT ADDED ENTRY--TOPICAL TERM | |
| Topical term or geographic name entry element | Hinduism. |
| 9 (RLIN) | 49533 |
| 650 #0 - SUBJECT ADDED ENTRY--TOPICAL TERM | |
| Topical term or geographic name entry element | MCE |
| 9 (RLIN) | 379 |
| 700 1# - ADDED ENTRY--PERSONAL NAME | |
| Personal name | Beauchamp, Henry K. |
| 9 (RLIN) | 49534 |
| 942 ## - ADDED ENTRY ELEMENTS (KOHA) | |
| Source of classification or shelving scheme | |
| Koha item type | Book |
| Withdrawn status | Lost status | Source of classification or shelving scheme | Damaged status | Not for loan | Permanent Location | Current Location | Shelving location | Date acquired | Total Checkouts | Full call number | Barcode | Date last seen | Price effective from | Koha item type |
|---|---|---|---|---|---|---|---|---|---|---|---|---|---|---|
| Military College of Engineering (MCE) | Military College of Engineering (MCE) | 01/13/2015 | 294.5 DUB | MCE-ECH/81 | 01/13/2015 | 01/13/2015 | Book |
